PHARMACEUTICAL CHEMISTRY -|\ (Record no. 7338)

MARC details
000 -LEADER
fixed length control field 00331nam a2200145Ia 4500
008 - FIXED-LENGTH DATA ELEMENTS--GENERAL INFORMATION
fixed length control field 150301s2015 xx 000 0 und d
082 ## - DEWEY DECIMAL CLASSIFICATION NUMBER
Classification number 540
Item number P08S
100 ## - MAIN ENTRY--PERSONAL NAME
Personal name SIDDIQUI, ANUS .A
245 ## - TITLE STATEMENT
Title PHARMACEUTICAL CHEMISTRY -|\
250 ## - EDITION STATEMENT
Edition statement 1ST
260 ## - PUBLICATION, DISTRIBUTION, ETC. (IMPRINT)
Name of publisher, distributor, etc. BIRLA PUB
300 ## - PHYSICAL DESCRIPTION
Extent 240
650 ## - SUBJECT ADDED ENTRY--TOPICAL TERM
Topical term or geographic name as entry element PHARMACEUTICS
942 ## - ADDED ENTRY ELEMENTS (KOHA)
Source of classification or shelving scheme Dewey Decimal Classification
Koha item type Books
Holdings
Withdrawn status Lost status Source of classification or shelving scheme Damaged status Not for loan Collection code Home library Current library Date acquired Source of acquisition Cost, normal purchase price SGTU Bill Number Total Checkouts Full call number Barcode Date last seen Date last checked out Bill Date Koha item type
    Dewey Decimal Classification     PHARMACY SGT FA-FP Library SGT FA-FP Library 02/07/2015 ABC-DELHI 180.00 SGTU 5588 2 540 P08S FP1397 23/03/2021 22/03/2021 04/04/2015 Books